000 00296nam a22001217a 4500
020 _a9788177225327
082 _222
_a005.12
100 _aPrasad, K.V.K.K.
245 _aSoftware testing tools /
260 _aNew Delhi,
_bDreamtech,
_cc2012.
300 _a462p. ;
_bill. ;
_c23 cm.
942 _2ddc
_cIT
_03
999 _c602
_d602